Detalles MARC
| 000 -LIDER |
| fixed length control field |
01351nam a2200289 a 4500 |
| 001 - NÚMERO DE CONTROL |
| Identificador de número de control |
0145 |
| 003 - IDENTIFICACDOR DE NÚMERO DE CONTROL |
| control field |
DO-SdBNP |
| 005 - DATE AND TIME OF LATEST TRANSACTION |
| control field |
20231128101638.0 |
| 007 - CAMPOS FIJOS DE DESCRIPCIÓN FÍSICA |
| fixed length control field |
0145 |
| 008 - ELEMENTOS DE LONGITUD FIJA |
| fixed length control field |
150120s1986 dr 000 spa d |
| 020 ## - ISBN |
| International Standard Book Number |
9789945442557 |
| 040 ## - FUENTE DE CATALOGACIÓN |
| Agencia que crea de manera original el registro |
BPMSU |
| Idioma de catalogación |
spa |
| Agencia que realiza la transcripción |
BPMSU |
| 082 #4 - NÚMERO DE CLASIFICACIÓN DECIMAL DE DEWEY |
| Classification number |
A863.08 |
| Item number |
C965e 986 |
| Edition number |
22 |
| 245 00 - MENCIÓN DE TITULO |
| Título |
Cuentos de enredos y travesuras. / |
| Mención de responsabilidad |
editora Carmen Rivera Izcoa; ilustrasión Rosario Núñez de Patruco |
| Medio (Designación general de material) |
|
| 260 ## - PUBLICACIÓN, DISTRIBUCIÓN, ETC. (PIE DE IMPRENTA) |
| Lugar de publicación, distribución, etc |
Santo Domingo: |
| Nombre del editor, distribuidor, etc. |
Editora Corripio, |
| Fecha de publicación, distribución, etc |
1986 |
| 300 ## - DESCRIPCIÓN FÍSICA |
| Extensión |
103 p : |
| Otros detalles físicos |
il. ; |
| Dimensiones |
24 cm. |
| 490 0# - MENCIÓN DE SERIES |
| Mención de serie |
Coedición Latinoamericana |
| 505 ## - NOTA DE CONTENIDO |
| Texto normalizado de contenido |
Venezuela : Tía zorra y los peces -- Bolivia : ¡No se oye! -- Perú : El zorro y el Cuy -- México : Fanciquio -- Puerto Rico : Los siento pero no lo veo -- Chile : Antonio y el ladrón -- República Dominicana : El hombre que robó los chivos -- Brasil : La apuesta -- Nicaragua : La piedra de Cuapa -- Ecuador : El gigantón cabelludo : Colombia : Minisurumbullo y el dulce de Icaco -- Cuba : El león y el mosquito |
| 590 ## - NOTA LOCAL |
| Texto de la nota local |
Inventariado, 2023/VM |
| 650 #4 - ENCABEZAMIENTO DE MATERIA--TEMÁTICO |
| Término temático o nombre geográfico como elemento de entrada |
Cuentos Infantiles latinoamericanos |
| Subdivisión de forma |
Colecciones |
| 700 1# - ASIENTO SECUNDARIO -- NOMBRE PERSONAL |
| Nombre personal |
Rivera Izcoa, Carmen |
| Mención de responsabilidad |
ed. |
| 700 ## - ASIENTO SECUNDARIO -- NOMBRE PERSONAL |
| Nombre personal |
Núñez de Patruco, Rosario |
| Mención de responsabilidad |
ils. |
| 910 ## - VALIDACIÓN |
| Validación |
VMateo V. Control de calidad. BPMSU |
| 942 ## - ADDED ENTRY ELEMENTS (KOHA) |
| Source of classification or shelving scheme |
Dewey Decimal Classification |
| Koha item type |
Libros |
| 945 ## - INFORMACIÓN DE PROCESAMIENTO LOCAL |
| Información de procesamiento local |
Inventariado / 2017 VM |
| 956 ## - LOCAL ELECTRONIC LOCATION AND ACCESS (OCLC) |
| Nombre de host |
VMATEO |
| Número de acceso |
10 |
| Información de compresión |
20150410 |
| Inicio de sesión |
BPMSU |
| Procesador de solicitud |
0069 |